000 00209 a2200097 4500
001 32655
100 _aJIN
245 _aQuaid-e-Azam- Khutbate
260 _aLahore
_bMaqbool Academy
_c
090 _c21868
_d21868
942 _aNUST-CAE
_cM
_c13189
999 _c267728
_d267728